| 000 | 01015nam a2200253Ia 4500 | ||
|---|---|---|---|
| 003 | OSt | ||
| 005 | 20220923211433.0 | ||
| 006 | a|||||r|||| 00| 0 | ||
| 007 | ta | ||
| 008 | 220922b |||||||| |||| 00| 0 hin d | ||
| 020 |
_a9789350001646 (hbk) _c395 |
||
| 024 | _a241,478 | ||
| 037 |
_b446, 18/02/2010, Vani Prakashan _cTextual |
||
| 040 |
_aARTS _cARTS _bhin |
||
| 041 |
_2hin _ahin |
||
| 082 | _aO5925,3N24,1, 152K4 | ||
| 100 |
_aओत्चेनाशेक, यान; वर्मा, निर्मल, अनु. _9160490 |
||
| 245 | 0 | _aरोमियो जूलियट औार अॅंधेरा | |
| 246 | _aRomiyo jūliyaṭ auār aॅandherā | ||
| 260 |
_aनयी दिल्ली _b वाणी प्रकाशन _c1964 |
||
| 300 |
_a253पृ. _ccm. |
||
| 942 |
_hO5925,3N24,1, 152K4 _cTEXL _2CC |
||
| 999 |
_c299500 _d299500 |
||